The herder symbol dictionary

Uloženo v:
Podrobná bibliografie
Hlavní autor: Matthews, Boris
Médium: Kniha
Jazyk:angličtina
Vydáno: Chiron Publications 1987
Tagy: Přidat tag
Žádné tagy, Buďte první, kdo vytvoří štítek k tomuto záznamu!

MARC

LEADER 00000nam a2200000 4500
005 20240918190951.0
008 240731b |||||||| |||| 00| 0 eng d
020 |a 978-0933029033 
040 |c GP 
100 |a Matthews, Boris 
245 |a The herder symbol dictionary 
260 |b Chiron Publications  |c 1987 
942 |2 ddc  |c BK  |n 0 
952 |0 0  |1 0  |2 ddc  |4 0  |6 810_000000000000000_MAT  |7 1  |9 1728  |a RM  |b RM  |d 2024-07-31  |l 0  |o 810 MAT  |p 506  |r 2024-07-31 18:22:15  |w 2024-07-31  |y BK 
999 |c 1544  |d 1544